Loading...
| Fine Arts - Classical Music | 3 | 1 | 0 | 1 | 55 | 16 | 70.50 | 2 | 3 | 0.00 | 0.00 |
| Science - Chemistry | 3 | 0 | 0 | 0 | 45 | 48 | 54.00 | 1 | 3 | 0.00 | 0.00 |
| Literature - Long Fiction | 2 | 1 | 0 | 0 | 40 | 62 | 92.67 | 0 | 2 | 0.00 | 0.00 |
| Literature - Poetry | 2 | 0 | 0 | 0 | 30 | 68 | 73.50 | 1 | 2 | 0.00 | 0.00 |
| Science - Physics | 0 | 2 | 0 | 1 | 20 | 85 | 104.50 | 1 | 1 | 0.00 | 0.00 |
| Science - Biology | 0 | 2 | 2 | 1 | 10 | 113 | 122.00 | 0 | 2 | 0.00 | 0.00 |
| Literature - Drama | 1 | 0 | 1 | 0 | 10 | 60 | 60.00 | 1 | 1 | 0.00 | 0.00 |
| Mythology | 0 | 1 | 0 | 0 | 10 | 129 | 129.00 | 0 | 0 | 0.00 | 0.00 |
| Science - Other | 0 | 1 | 0 | 0 | 10 | 131 | 131.00 | 0 | 0 | 0.00 | 0.00 |
| Short Fiction and Other | 0 | 1 | 1 | 0 | 5 | 82 | 82.00 | 0 | 1 | 0.00 | 0.00 |